Groups of Seven Sudden Death - Statistics

General Stats
  • This quiz has been taken 187 times
  • The average score is 5 of 9
Answers on the Grid
Answers color-coded by a green-red scale on the quiz's grid according to % correct below.
Deadly Sins
Days A Week
Little Superheroes
James Bond Books
Dwarves
Infinity Stones
Ramones Members in Total
Roger Moore Bond Movies
Countries ending in stan
Continents
Mystery Inc. Members
LOTR movies in Total
Weasley Children
Actors to play James Bond OFFICIALLY
Members of the Sinister Six
Fletch Books
 
Answer Stats
Answer % Correct
Deadly Sins
97%
Days A Week
95%
Dwarves
89%
Continents
65%
Countries ending in stan
56%
Weasley Children
36%
Roger Moore Bond Movies
20%
LOTR movies in Total
13%
Little Superheroes
10%
No matching quizzes found
Score Distribution
Percent of People with Each Score
Percentile by Number Answered
Your Score History
You have not taken this quiz